000 00436nam a2200157 i 4500
001 bg
100 1 _aCERMAK, Jindrich
245 0 _aProjektowanie i konstrukcja wzmacniaczy tranzystorowych małej częstotliwości /
_cJindrich Cermak, Kamil Jurkovic.
260 _aWarszawa,
_c1976.
700 1 _aJURKOVIC, Kamil
040 _cBPK
041 _apol
080 _a621.375
942 _cKS
008 s pl f |000 0 pol
999 _c27355
_d27355
856 _uhttp://koha.tu.koszalin.pl/cgi-bin/koha/opac-detail.pl?biblionumber=27355
_yKatalog online BPK